000
00265nam a22001097a 4500
008
160427b xxu||||| |||| 00| 0 eng d
020
_a
0801639751
041
_a
eng
080
_a
618.2
245
_a
Basic nursing:
_c
Patricia A. Poter; Anne G. Perry;
942
_2
udc
_c
BK
999
_c
1620
_d
1620